000 00799nam a22002177a 4500
005 20090722144513.0
008 090722t xxu||||| |||| 00| 0 eng d
010 _aENG-94510
020 _a9788178330419
_c1575.00
035 _aEN-78043
037 _bDBAD / PUB
040 _adpl
_bEnglish
082 _a632.96
245 _aBiopesticides handbook /
_cby NPCS Board of Consultants & Engineers
260 _aDelhi
_bAsia Pacific Business
_c(200?)
270 _a106-E, Kamla Nagar,
_bDelhi
_e 110007
300 _ax, 534p.
_c23cm(Hb)
650 _aPesticides
942 _2ddc
_cEN
_mBIO
_h632.96
999 _c28541
_d28541